Servomecanismos
Gespeichert in:
| 1. Verfasser: | |
|---|---|
| Format: | Buch |
| Sprache: | Spanisch |
| Veröffentlicht: |
Bilbao
Urmo
1972
|
| Schlagworte: | |
| Tags: |
Tag hinzufügen
Keine Tags, Fügen Sie den ersten Tag hinzu!
|
MARC
| LEADER | 00000nam a2200000 a 4500 | ||
|---|---|---|---|
| 001 | UCU5031 | ||
| 003 | CL-VaPUC | ||
| 008 | 960531e19720000SP |||||||||||||||||spa|d | ||
| 082 | 0 | 4 | |a 629.8 |b STO |2 21 |
| 100 | 0 | |a Stockdale, L. A |e author |9 362885 | |
| 245 | 1 | 0 | |a Servomecanismos |
| 300 | |a 316 p | ||
| 942 | |c BK | ||
| 945 | |d 19960531 00:00:00 |a cmena | ||
| 260 | |a Bilbao |b Urmo |c 1972 | ||
| 650 | 0 | |a Control automático |9 259890 | |
| 650 | 0 | |a Servomecanismos |9 260343 | |
| 650 | 7 | |a SISTEMAS CIBERNETICOS |2 CL-VaPUC |9 354475 | |
| 650 | 0 | |a Automatización |9 299909 | |
| 650 | 7 | |a CONTROL DE SISTEMAS |2 CL-VaPUC |9 352951 | |
| 583 | |a last modification |c 19960531 00:00:00 |k Rodrigo Vera | ||
| 999 | |c 248544 |d 248542 | ||
| 952 | |0 0 |1 0 |4 0 |6 629_800000000000000_STO_1972 |7 0 |8 A |9 265233 |a BIBING |b BIBING |d 2019-11-19 |i 1668447 |o 629.8 STO 1972 |p 1668447 |r 2025-01-20 |w 2019-11-19 |y BK |k EIE | ||